Managerial Accounting / Third Edition (Record no. 900)
[ view plain ]
| 000 -LEADER | |
|---|---|
| fixed length control field | 02266cam a22002294a 4500 |
| 005 - ΗΜΕΡΟΜΗΝΙΑ ΚΑΙ ΩΡΑ ΤΕΛΕΥΤΑΙΑΣ ΕΝΗΜΕΡΩΣΗΣ | |
| Πεδίο ελέγχου | 20250605163949.0 |
| 008 - FIXED-LENGTH DATA ELEMENTS--GENERAL INFORMATION | |
| Πεδίο ελέγχου σταθερού μήκους | 250528s ||||||||||||||||||||||||d |
| 035 ## - SYSTEM CONTROL NUMBER | |
| System control number | 15310 |
| 020 ## - ISBN | |
| ISBN | 053882185X |
| 040 ## - ΠΗΓΗ ΚΑΤΑΛΟΓΟΓΡΑΦΗΣΗΣ | |
| Φορέας πρωτότυπης καταλογογράφησης | MC Athens Campus Library |
| Γλώσσα καταλογογράφησης | Ελληνικά, Μοντέρνα (1453-) |
| Modifying agency | MC Athens Campus Library |
| Κανόνες περιγραφικής καταλογογράφησης | AACR2 |
| 245 1# - ΤΙΤΛΟΣ ΚΑΙ ΔΗΛΩΣΗ ΥΠΕΥΘΥΝΟΤΗΤΑΣ | |
| Τίτλος | Managerial Accounting / Third Edition |
| 250 ## - EDITION STATEMENT | |
| Edition statement | 3rd |
| 260 ## - PUBLICATION, DISTRIBUTION, ETC. | |
| Name of publisher, distributor, etc. | College Division - South-Western Publishing Co, |
| Date of publication, distribution, etc. | 1994 |
| 300 ## - PHYSICAL DESCRIPTION | |
| Extent | 724 |
| 505 0# - FORMATTED CONTENTS NOTE | |
| Formatted contents note | The Nature of Managerial Accounting, Introduction: The Evolution of Managerial Accounting, Nature of and Trends in Managerial Accounting, Cost Concepts and Terminology, Cost System Designs, Job Order Cost Systems, Process Cost Systems, Cost Management, Cost Behavior and Cost Estimation, Cost-Volume-Profit Analysis, Budgeting and Performance Evaluation, Overhead Cost Management, Cost Management in Advanced Manufacturing and Just-in-Time Environments, Strategic Management, Activity-Based Costing for Strategic Decisions, Decentralized Planning and Performance, Differential Analysis and Product Pricing, Capital Investment Analysis, Financial Management, Statement of Cash Flows, Annual Reports and Financial Statement Analysis, Corporate Annual Reports, Financial Statement Analysis, Appendices, Interest Tables, Code of Ethics for Accountants.. |
| 520 ## - SUMMARY, ETC. | |
| Summary, etc. | The Nature of Managerial Accounting, Introduction: The Evolution of Managerial Accounting, Nature of and Trends in Managerial Accounting, Cost Concepts and Terminology, Cost System Designs, Job Order Cost Systems, Process Cost Systems, Cost Management, Cost Behavior and Cost Estimation, Cost-Volume-Profit Analysis, Budgeting and Performance Evaluation, Overhead Cost Management, Cost Management in Advanced Manufacturing and Just-in-Time Environments, Strategic Management, Activity-Based Costing for Strategic Decisions, Decentralized Planning and Performance, Differential Analysis and Product Pricing, Capital Investment Analysis, Financial Management, Statement of Cash Flows, Annual Reports and Financial Statement Analysis, Corporate Annual Reports, Financial Statement Analysis, Appendices, Interest Tables, Code of Ethics for Accountants.. |
| 700 1# - ΠΡΟΣΘΕΤΗ ΑΝΑΓΡΑΦΗ--ΦΥΣΙΚΟ ΠΡΟΣΩΠΟ | |
| Personal name | Reeve James M |
| 9 (RLIN) | 1205 |
| 700 1# - ΠΡΟΣΘΕΤΗ ΑΝΑΓΡΑΦΗ--ΦΥΣΙΚΟ ΠΡΟΣΩΠΟ | |
| Personal name | Warren Carl S |
| 9 (RLIN) | 1206 |
| 942 ## - ADDED ENTRY ELEMENTS (KOHA) | |
| Koha item type | Books |
| Τύπος τεκμηρίου | Βιβλιοθήκη | Τρέχουσα τοποθεσία | Barcode | Αριθμός εισαγωγής | Ημερομηνία απόκτησης | Ταξιθετικό σύμβολο | Αριθμός αντιτύπου | Κατάσταση απόσυρσης | Κατάσταση χαμένου | Κατάσταση κατεστραμμένου | Μη δανεισμός | Σύνολο δανεισμών | Ημερομηνία τελευταίας εμφάνισης | Η τιμή ισχύει από |
|---|---|---|---|---|---|---|---|---|---|---|---|---|---|---|
| Books | MC Athens Campus Library | MC Athens Campus Library | 9780000008992 | 1554 | 05/06/2025 | 658.15/11 REE | 1 | 05/06/2025 | 05/06/2025 |